000 00908na a2200277 4500
001 17982
003 MIRAKIL
005 20181213154918.0
008 161109b tu 000 0
020 _a9789751944832
040 _aMilas
_btur
_cTR-AnCHP
041 _atur
082 _a338.9372
_bE35 2009
090 _a338.9372 E35 2009
245 _aEğitim: okul öncesi, ilk ve ortaöğretim özel ihtisas komisyonu raporu
_cDevlet Planlama Teşkilatı
260 _aAnkara
_bDevlet Planlama Teşkilatı
_c2009
300 _a79 s.
_btbl.
_c27 sm.
440 _aDPT
_v2790
500 _aDokuzuncu kalkınma planı 2007-2013
610 _aDevlet Planlama Teşkilatı (DPT)
650 _aKalkınma planları
_yTürkiye
650 _aEğitim
_xKalkınma planı, 2009
_yRaporlar
710 _aDevlet Planlama Teşkilatı (DPT)
830 _aDevlet Planlama Teşkilatı Yayınları
942 _2ddc
_cBKS
999 _c3034
_d3034